| 000 | 00471nam a2200169Ia 4500 | ||
|---|---|---|---|
| 005 | 20250423101606.0 | ||
| 008 | 250422s9999 xx 000 0 und d | ||
| 020 | _a1564586480 | ||
| 050 | _aPE 1629 .D67/ | ||
| 245 | 0 | _aUltimate visual dictionary | |
| 260 | _aLondon | ||
| 260 | _bDorling Kindersley | ||
| 260 | _c1994 | ||
| 300 | _a640 p | ||
| 650 | _aPicture dictionaries, English Visual dictionary Resimli sözlükler, İngilizce Görsel sözlük | ||
| 942 | _cBK | ||
| 999 |
_c36703 _d36703 |
||